000 00429nam a2200193Ia 4500
005 20240823035204.0
008 240823s9999||||xx |||||||||||||| ||und||
020 _a0-440-35183-9
041 _aENGLISH
082 _A150.1954 K4
100 _aCarl G Jung
245 0 _aMan and His Symbols
250 _a1st
260 _c1968
_b"Dell,New"
500 _aYES
650 _aNovels
_bGeneral
942 _cBK
999 _c200089
_d200089